Ville des finales de LDC (2000-2024) - Statistiques

Statistiques générales
  • Ce quiz a été pris 390 fois
    365 depuis la dernière actualisation
  • Le résultat moyen est 17 sur 24
Statistiques - réponses
Année Ville ou stade % Correct
2011 Londres, Stade de Wembley
92%
2010 Madrid, Stade Santiago Bernabeu
92%
2019 Madrid, Stade Wanda Metropolitano
92%
2013 Londres, Stade de Wembley
86%
2001 Milan, San Siro
83%
2016 Milan, Stade Giuseppe Meazza
81%
2014 Lisbonne, Stade de la Luz
80%
2020 Lisbonne, Stadio de la Luz
80%
2012 Munich, Allianz Arena
79%
2022 Saint-Denis, Stade de France
79%
2006 St-Denis, Stade de France
79%
2000 St-Denis, Stade de France
79%
2005 Istanbul, Stade Atatück
76%
2023 Istanbul, Stade Olympique
76%
2009 Rome, Stadio Olimpico
74%
2015 Berlin, Stade Olympique
72%
2003 Manchester, Old Trafford
70%
2021 Porto, Stade do Dragao
67%
2008 Moscou, Stade Loujniki
66%
2018 Kiev, NSK Olimpijs
62%
2007 Athènes, Stade olympique
51%
2017 Cardiff, National Stadium
44%
2002 Glasgow, Hampden Park
39%
2004 Gelsenkirchen, Arena AufSchalke
15%
Aucun quiz correspondant
Distribution des résultats
% des personnes avec chaque résultat
Percentile par nombre de réponses
Votre historique - résultats
Vous n’avez pas pris ce quiz depuis la dernière actualisation